000 00776nam a2200253 a 4500
008
020 _a0471577960 (pbk.)
049 _aMAIN
090 _aQC794.6.S3
100 1 _aFeshbach, Herman.
245 1 0 _aTheoretical nuclear physics :
_bnuclear reactions /
_cHerman Feshbach.
260 _aNew York :
_bWiley,
_cc1992.
300 _axiii, 959 p. :
_bill. ;
_c24 cm.
500 _a"A Wiley-Interscience publication."
504 _aIncludes bibliographical references : p. 922-949.
500 _aIncludes index.
650 0 _aNuclear reactions.
650 0 _aScattering (Physics).
907 _a.b10042283
_b02-09-04
_c17-04-03
003
005 20230123133817.0
040 _cNUST
942 _cBOOKS
_kQC794.6.S3
999 _c155019
_d155019